书目信息 |
| 题名: |
全球卫星导航定位系统原理与应用
|
|
| 作者: | 徐爱功 编著 | |
| 分册: | ||
| 出版信息: | 徐州 中国矿业大学出版社 2009.08 |
|
| 页数: | 212页 | |
| 开本: | 26cm | |
| 丛书名: | ||
| 单 册: | ||
| 中图分类: | P228.4 | |
| 科图分类: | ||
| 主题词: | 全球定位系统--高等学校--教材 , 全球定位系统 | |
| 电子资源: | ||
| ISBN: | 978-7-5646-0387-8 | |
| 000 | 01109nam0 2200277 450 | |
| 001 | 012004386691 | |
| 005 | 20130608085853.56 | |
| 010 | @a978-7-5646-0387-8@dCNY25.00@z7-5646-0387-9 | |
| 035 | @a(110087)001243418 | |
| 100 | @a20091124d2009 em y0chiy0110 ea | |
| 101 | 0 | @achi |
| 102 | @aCN@b320000 | |
| 105 | @aak z 000yy | |
| 106 | @ar | |
| 200 | 1 | @a全球卫星导航定位系统原理与应用@9quan qiu wei xing dao hang ding wei xi tong yuan li yu ying yong@dPrinciples and applications of global navigation satellite systems@f徐爱功[等]编著@zeng |
| 210 | @a徐州@c中国矿业大学出版社@d2009.08 | |
| 215 | @a212页@c图@d26cm | |
| 300 | @a高等学校“十一五”规划教材 | |
| 330 | @a本书叙述了卫星定位测量有关的基础知识和全球卫星导航定位系统(GPS)的卫星信号与测量原理,在此基础上全面介绍了 GPS 静态与动态定位中的绝对与相对定位原理等。 | |
| 510 | 1 | @aPrinciples and applications of global navigation satellite systems@zeng |
| 606 | 0 | @a全球定位系统@x高等学校@j教材 |
| 606 | 0 | @a全球定位系统 |
| 690 | @aP228.4@v4 | |
| 701 | 0 | @a徐爱功@9xu ai gong@4编著 |
| 801 | 0 | @aCN@bNLC@c20091124 |
| 905 | @dP228.4@e200 | |
| 全球卫星导航定位系统原理与应用=Principles and applications of global navigation satellite systems/徐爱功[等]编著.-徐州:中国矿业大学出版社,2009.08 |
| 212页:图;26cm |
| 高等学校“十一五”规划教材 |
| ISBN 978-7-5646-0387-8:CNY25.00 |
| 本书叙述了卫星定位测量有关的基础知识和全球卫星导航定位系统(GPS)的卫星信号与测量原理,在此基础上全面介绍了 GPS 静态与动态定位中的绝对与相对定位原理等。 |
| ● |
| 相关链接 |
|
|
|
|
正题名:全球卫星导航定位系统原理与应用
索取号:P228.4/200
 
预约/预借
| 序号 | 登录号 | 条形码 | 馆藏地/架位号 | 状态 | 备注 |
| 1 | 0543860 | 205438604 | 第二样本阅览室/ [索取号:P228.4/200] | 在馆 | |
| 2 | 0543861 | 205438613 | 密集书库-资源管理系/ [索取号:P228.4/200] | 在馆 | |
| 3 | 0543862 | 205438622 | 第三借阅区/ [索取号:P228.4/200] | 在馆 | |
| 4 | 0543863 | 205438631 | 第三借阅区/ [索取号:P228.4/200] | 在馆 | |
| 5 | 0543864 | 205438640 | 第三借阅区/ [索取号:P228.4/200] | 在馆 |